000 00334nam a2200133 a 4500
005 20140414131855.0
008 100901s19uu xx 00 eng d
050 _aFIL
_bH13 2003
100 _aFerreol, Yvette
245 _aHaluhalo espesyal.
260 _aManila, Philippines :
_bAdarna,
_c2008.
999 _c110439
_d110439